ბათუმის შოთა რუსთაველის სახელმწიფო უნივერსიტეტის ბიბლიოთეკა

ლოგიკა : (ბიბ.ჩანაწერი № 62706)

000 -ლიდერი
ფიქსირებული სიგრძის საკონტროლო ველი 01262nam a22002297a 4500
003 - საკონტროლო ნომრის იდენტიფიკატორი
საკონტროლო ველი Ge_BSU
005 - ბოლო ოპერაციის თარიღი და დრო
საკონტროლო ველი 20250128124911.0
008 - ფიქსირებული სიგრძის მონაცემთა ელემენტები - ზოგადი ინფორმაცია
ფიქსირებული სიგრძის საკონტროლო ველი 250128s2015 ge ||||| |||| 00| 0 geo d
020 ## - წიგნის საერთაშორისო სტანდარტული ნომერი
International Standard Book Number 9789941081088
041 ## - ენის კოდი
Language code of text/sound track or separate title geo
080 ## - უნივერსალური ათობითი კლასიფიკაციის ინდექსი
Universal Decimal Classification number 371.277.2 + 16(075.4) + 510.6(075.4) ჩ-95
100 ## - მთავარი ჩანაწერი - პიროვნების სახელი
Personal name ჩხარტიშვილი, ეკატერინე
9 (RLIN) 24150
245 ## - ცნობა სათაურის შესახებ
Title ლოგიკა :
Remainder of title დამხმარე სახელმძღვანელოვ ზოგადი უნარების ვერბალურ ნაწილში და სავარჯიშო ტესტები /
Statement of responsibility, etc ეკატერინე ჩხარტიშვილი; რედაქტორი ციცინო სარაჯიშვილი.
250 ## - გამოცემის ცნობა
Edition statement მე-2 გამოცემა.
264 ## - წარმოების, გამოცემის, დისტრიბუციის და სხვა ცნობები
გამოცემის, წარმოების, დისტრიბუციის... ადგილი თბილისი :
გამოცემის, წარმოების, დისტრიბუციის... სახელწოდება ლამპარი-99,
გამოცემის, წარმოების, დისტრიბუციის... თარიღი 2015.
300 ## - ფიზიკური აღწერა
Extent 206 გვ. ;
Other physical details 20 სმ.
653 ## - INDEX TERM--UNCONTROLLED
Uncontrolled term ზოგადი უნარების ტესტები
653 ## - INDEX TERM--UNCONTROLLED
Uncontrolled term მათემატიკური ლოგიკა
700 ## - ADDED ENTRY--PERSONAL NAME
Personal name სარაჯიშვილი, ციცინო
Relator term რედაქტორი
9 (RLIN) 4058
773 ## - HOST ITEM ENTRY
Title ნაჩუქარი
942 ## - ADDED ENTRY ELEMENTS (KOHA)
Source of classification or shelving scheme
Koha item type წიგნი
ეგზემპლარები
ჩამოწერის სტატუსი დაკარგული ეგზემპლარის სტატუსი კლასიფიკაციის წყარო ან თაროზე გაწყობის სქემა დაზიანების სტატუსი არ გაიცემა მუდმივი მდებარეობა (დაცვის ადგილი) ამჟამინდელი ადგილსამყოფელი თაროზე განთავსების ადგილი შეძენის თარიღი ღირებულება, შესყიდვის ნორმალური ფასი სრული შენახვის შიფრი შტრიხკოდი ბოლო ოპერაციის თარიღი ეგზემპლარის მიმდევრობითი ნომერი (კეტერი?) Uniform Resource Identifier ფასის ძალაში შესვლის თარიღი ეგზემპლარის სახეობა საჯარო შენიშვნა
          ბათუმის შოთა რუსთაველის სახელმწიფო უნივერსიტეტის მთავარი ბიბლიოთეკა ბათუმის შოთა რუსთაველის სახელმწიფო უნივერსიტეტის მთავარი ბიბლიოთეკა წიგნსაცავი 2025-01-28 15.00 371.277.2 + 16(075.4) + 510.6(075.4) ჩ-95 70452 2025-01-28 70452 ნაჩუქარი 2025-01-28 წიგნი 15 ლ.